[Event "2BLW 2324 SV Koblenz - SV Werder Bremen "]
[Site "?"]
[Date "2024.02.25"]
[Round "8.7"]
[White "Ewert, Hannes"]
[Black "Wolf, Volker"]
[Result "1/2-1/2"]
[WhiteElo "2245"]
[BlackElo "2233"]
[PlyCount "34"]
[EventDate "2024.??.??"]

1. d4 e6 2. Nf3 Nf6 3. c4 Bb4+ 4. Nbd2 b6 5. a3 Bxd2+ 6. Bxd2 Bb7 7. Bg5 h6 8. Bh4 d6 9. e3 Nbd7 10. Be2 Qe7 11. O-O g5 12. Bg3 Ne4 13. Nd2 Ndf6 14. Nxe4 Nxe4 15. f3 Nxg3 16. hxg3 e5 17. dxe5 Qxe5 1/2-1/2

[Event "2BLW 2324 SV Koblenz - SV Werder Bremen "]
[Site "?"]
[Date "2024.02.25"]
[Round "8.8"]
[White "Bohn, Thomas"]
[Black "Chitsazian, Daniel"]
[Result "0-1"]
[WhiteElo "2305"]
[BlackElo "2014"]
[PlyCount "72"]
[EventDate "2024.??.??"]

1. f4 d5 2. Nf3 g6 3. e3 Bg7 4. Be2 Nf6 5. O-O O-O 6. d3 c5 7. Qe1 Nc6 8. a4 b6 9. Na3 Bb7 10. Bd1 Re8 11. e4 e5 12. f5 gxf5 13. Nh4 f4 14. c3 dxe4 15. dxe4 Nxe4 16. Bc2 Nd6 17. Nb5 Ne7 18. Qe2 a6 19. Nxd6 Qxd6 20. Bd2 Qh6 21. g3 Bf6 22. Ng2 Qg7 23. Rf2 f3 24. Rxf3 Bxf3 25. Qxf3 Rad8 26. Be3 a5 27. Rf1 Rd6 28. Bb3 Red8 29. h4 Kh8 30. Kh2 Ng8 31. Kh3 Be7 32. Qh5 Rg6 33. g4 Nf6 34. Qxe5 Bd6 35. Qf5 Rxg4 36. Bf4 Rg3+ 0-1

[Event "2BLW 2324 Bad Emstal/Wolfhagen - SF Liem"]
[Site "?"]
[Date "2024.02.25"]
[Round "8.1"]
[White "Niermann, Tristan"]
[Black "Galperin, Platon"]
[Result "0-1"]
[WhiteElo "2424"]
[BlackElo "2558"]
[PlyCount "50"]
[EventDate "2024.??.??"]

1. e4 c5 2. Nf3 e6 3. d4 cxd4 4. Nxd4 Nc6 5. Nc3 Qc7 6. Be3 a6 7. g4 Nxd4 8. Qxd4 b5 9. O-O-O Bb7 10. f3 Rc8 11. Qd2 Bb4 12. Bd4 f6 13. g5 h6 14. gxf6 Nxf6 15. Qg2 e5 16. Qxg7 Rf8 17. Bd3 exd4 18. e5 dxc3 19. exf6 Kd8 20. Kb1 Qe5 21. Qg4 Bd6 22. Rhe1 Qxf6 23. Be4 Rc4 24. b3 Bxe4 25. fxe4 Rd4 0-1

[Event "2BLW 2324 Bad Emstal/Wolfhagen - SF Liem"]
[Site "?"]
[Date "2024.02.25"]
[Round "8.2"]
[White "Peng, Li Min"]
[Black "Schuh, Dirk"]
[Result "1/2-1/2"]
[WhiteElo "2562"]
[BlackElo "2366"]
[PlyCount "33"]
[EventDate "2024.??.??"]

1. d4 d5 2. c4 e6 3. Nc3 Nf6 4. Bg5 dxc4 5. Qa4+ Nc6 6. O-O-O Bd7 7. Qxc4 Be7 8. e4 b5 9. Qd3 b4 10. Nce2 e5 11. Bxf6 Bxf6 12. f4 exd4 13. e5 Be7 14. Nxd4 Nxd4 15. Qxd4 Ba4 16. Qxd8+ Rxd8 17. Rxd8+ 1/2-1/2

[Event "2BLW 2324 Bad Emstal/Wolfhagen - SF Liem"]
[Site "?"]
[Date "2024.02.25"]
[Round "8.3"]
[White "Wittke, Rene"]
[Black "Vetoshko, Volodymyr"]
[Result "1/2-1/2"]
[WhiteElo "2315"]
[BlackElo "2529"]
[PlyCount "46"]
[EventDate "2024.??.??"]

1. d4 Nf6 2. c4 e6 3. Nf3 d5 4. g3 Be7 5. Bg2 O-O 6. O-O c6 7. Qc2 b6 8. Nbd2 Bb7 9. Rd1 Na6 10. a3 Rc8 11. e4 c5 12. exd5 exd5 13. dxc5 Nxc5 14. b4 Ne6 15. Bb2 dxc4 16. Nxc4 Qe8 17. Qb3 Bd5 18. Nfe5 Bxg2 19. Kxg2 Rc7 20. Nd6 Bxd6 21. Rxd6 Qa8+ 22. f3 Qc8 23. Rad1 Re8 1/2-1/2

[Event "2BLW 2324 Bad Emstal/Wolfhagen - SF Liem"]
[Site "?"]
[Date "2024.02.25"]
[Round "8.4"]
[White "Sivuk, Vitaly"]
[Black "Bentel, Robin"]
[Result "1-0"]
[WhiteElo "2520"]
[BlackElo "2194"]
[PlyCount "55"]
[EventDate "2024.??.??"]

1. d4 d5 2. c4 e6 3. Nc3 Be7 4. Nf3 Nf6 5. cxd5 exd5 6. Qc2 c6 7. Bf4 O-O 8. e3 Re8 9. Bd3 Nbd7 10. h3 Nf8 11. O-O Ng6 12. Bh2 Bd6 13. Bxd6 Qxd6 14. Rab1 Bd7 15. b4 a6 16. Na4 Rad8 17. Nc5 Bc8 18. a4 Re7 19. Rfc1 Rde8 20. b5 axb5 21. axb5 Ne4 22. bxc6 bxc6 23. Rb6 Bxh3 24. gxh3 Qf6 25. Bxe4 Rxe4 26. Nxe4 Qxf3 27. Ng5 Qf6 28. h4 1-0

[Event "2BLW 2324 Bad Emstal/Wolfhagen - SF Liem"]
[Site "?"]
[Date "2024.02.25"]
[Round "8.5"]
[White "Krallmann, Matthias"]
[Black "Bogdanov, Egor"]
[Result "0-1"]
[WhiteElo "2148"]
[BlackElo "2420"]
[PlyCount "106"]
[EventDate "2024.??.??"]

1. d4 Nf6 2. c4 g6 3. g3 Bg7 4. Bg2 O-O 5. Nc3 d6 6. Nf3 Nc6 7. O-O Bf5 8. d5 Na5 9. Nd4 Bd7 10. b3 c5 11. dxc6 Nxc6 12. Bb2 Nxd4 13. Qxd4 Bc6 14. Nd5 Bxd5 15. Bxd5 Nh5 16. Qd2 Bxb2 17. Qxb2 Qb6 18. Rfd1 Nf6 19. Qd4 Qxd4 20. Rxd4 Rab8 21. Rad1 Rfc8 22. e3 Kg7 23. Bg2 b5 24. cxb5 Rxb5 25. b4 a5 26. a3 Rc3 27. Bf1 Rb8 28. bxa5 Rxa3 29. a6 Nd7 30. Rf4 Nc5 31. Bc4 f6 32. Rfd4 Nxa6 33. Bxa6 Rxa6 34. R1d2 Kf7 35. Rc4 Ra7 36. h4 h5 37. Kg2 Rab7 38. Rcc2 Ke6 39. Ra2 Rb4 40. Kh3 R8b5 41. Kg2 Rb1 42. Kh2 Rd5 43. Rdc2 Rc5 44. Rd2 g5 45. hxg5 fxg5 46. Kg2 Rcc1 47. Kf3 Ra1 48. Rab2 Rcb1 49. Rbc2 Rd1 50. Re2 Ke5 51. g4 Rg1 52. Rc4 d5 53. Rd4 h4 0-1

[Event "2BLW 2324 Bad Emstal/Wolfhagen - SF Liem"]
[Site "?"]
[Date "2024.02.25"]
[Round "8.6"]
[White "Prokofiev, Valentyn"]
[Black "Stork, Holger"]
[Result "1-0"]
[WhiteElo "2340"]
[BlackElo "2126"]
[PlyCount "89"]
[EventDate "2024.??.??"]

1. d4 Nf6 2. c4 e6 3. Nf3 Bb4+ 4. Nbd2 b6 5. a3 Bxd2+ 6. Qxd2 O-O 7. e3 Bb7 8. Be2 d5 9. b4 a5 10. b5 c5 11. bxc6 Nxc6 12. Rb1 dxc4 13. Bxc4 Ne7 14. Bb2 Ne4 15. Qe2 Nd6 16. Bd3 Be4 17. O-O Rc8 18. Rfc1 Bxd3 19. Qxd3 Rxc1+ 20. Rxc1 Qa8 21. Ng5 Ng6 22. Qb3 Rc8 23. Rxc8+ Nxc8 24. Qb5 Nf8 25. Qe8 Qb7 26. Nxf7 Qxf7 27. Qxc8 h6 28. f3 Kh7 29. Qc2+ Kg8 30. Qc6 Qg6 31. e4 Qg5 32. Bc1 Qh4 33. Bd2 Qe7 34. Qxb6 Qxa3 35. Qxa5 Qd3 36. Qc3 Qb5 37. Kf2 Ng6 38. g3 Kh7 39. Be3 h5 40. h4 Qb1 41. Kg2 Qb5 42. Qc5 Qb2+ 43. Bf2 e5 44. d5 Qb8 45. Qc6 1-0

[Event "2BLW 2324 Bad Emstal/Wolfhagen - SF Liem"]
[Site "?"]
[Date "2024.02.25"]
[Round "8.7"]
[White "Erofeev, Anastasia"]
[Black "Rakhmangulova, Anastasiya"]
[Result "0-1"]
[WhiteElo "2022"]
[BlackElo "2309"]
[PlyCount "86"]
[EventDate "2024.??.??"]

1. d4 g6 2. c4 Bg7 3. Nf3 d6 4. g3 Nf6 5. Bg2 O-O 6. Nc3 Nbd7 7. O-O e5 8. d5 a5 9. e4 Nc5 10. Qc2 Nfd7 11. Ne1 f5 12. exf5 gxf5 13. f4 e4 14. Be3 Nf6 15. Bh3 Bd7 16. Rd1 Qe8 17. Qe2 Qf7 18. Ng2 h5 19. Nh4 Ng4 20. Bxg4 hxg4 21. Nb5 Bxb5 22. cxb5 Nd3 23. Rxd3 exd3 24. Qxd3 Bxb2 25. Rf2 Bg7 26. h3 gxh3 27. Nf3 Qh5 28. Ng5 Rae8 29. Kh2 Bf6 30. Ne6 Rf7 31. Qc2 Qg4 32. Rf1 Rfe7 33. Bg1 Rc8 34. Qd3 c5 35. bxc6 bxc6 36. Rc1 c5 37. Rb1 c4 38. Qc2 Qf3 39. Rd1 c3 40. Bd4 Rb7 41. Rc1 Qxd5 42. Bxf6 Qxe6 43. Bxc3 Rxc3 0-1

[Event "2BLW 2324 Bad Emstal/Wolfhagen - SF Liem"]
[Site "?"]
[Date "2024.02.25"]
[Round "8.8"]
[White "Tobak, Mikhail"]
[Black "Karsunke, Marvin"]
[Result "1-0"]
[WhiteElo "2323"]
[BlackElo "1891"]
[PlyCount "89"]
[EventDate "2024.??.??"]

1. e4 e6 2. d3 d5 3. Nd2 Nf6 4. Ngf3 Nc6 5. c3 e5 6. b4 Bd6 7. exd5 Nxd5 8. b5 Nce7 9. c4 Nf6 10. Be2 O-O 11. O-O Ng6 12. Nb3 c5 13. bxc6 bxc6 14. c5 Bc7 15. Bb2 Be6 16. Re1 Bd5 17. Bf1 Re8 18. Ng5 Qe7 19. Ne4 Nxe4 20. dxe4 Be6 21. Qf3 Red8 22. Ba6 Rab8 23. g3 Rd7 24. h4 Nf8 25. Qc3 f6 26. Bc1 Bf7 27. Be3 Ne6 28. Bc4 Nf8 29. Rab1 Kh8 30. Nd2 Rdd8 31. Qa3 a5 32. Qa4 Bxc4 33. Nxc4 Qe8 34. Rxb8 Rxb8 35. Nb6 Ne6 36. Qxa5 Nd4 37. Bxd4 exd4 38. Qa4 Bxb6 39. cxb6 Rxb6 40. Qxd4 Ra6 41. Qc4 Qa8 42. e5 fxe5 43. Rxe5 Rxa2 44. Qf7 Ra1+ 45. Kh2 1-0

[Event "2BLW 2324 SC Siegburg - SV Koblenz"]
[Site "?"]
[Date "2024.03.16"]
[Round "9.2"]
[White "Baklan, Vladimir"]
[Black "Fritsche, Lutz"]
[Result "1-0"]
[WhiteElo "2533"]
[BlackElo "2310"]
[PlyCount "67"]
[EventDate "2024.??.??"]

1. e4 g6 2. d4 Bg7 3. Nc3 d6 4. f4 a6 5. Nf3 b5 6. Bd3 Nd7 7. a4 b4 8. Ne2 Bb7 9. O-O c5 10. c3 bxc3 11. bxc3 Ngf6 12. e5 Ne4 13. Bxe4 Bxe4 14. Ng5 Bf5 15. Ng3 h6 16. Nxf5 gxf5 17. Nf3 Qc7 18. d5 dxe5 19. fxe5 Nxe5 20. Bf4 Nxf3+ 21. Qxf3 Qd7 22. Qg3 Rg8 23. Qf3 Rd8 24. Rfd1 Bf6 25. Rab1 Qxa4 26. Bc7 Rc8 27. d6 Qd7 28. dxe7 Qxc7 29. Rb7 Qxe7 30. Rxe7+ Bxe7 31. Qb7 Rd8 32. Re1 Rd7 33. Qc8+ Rd8 34. Qxc5 1-0

[Event "2BLW 2324 SC Siegburg - SV Koblenz"]
[Site "?"]
[Date "2024.03.16"]
[Round "9.3"]
[White "Hammes, Michael"]
[Black "Kovchan, Alexander"]
[Result "0-1"]
[WhiteElo "2324"]
[BlackElo "2477"]
[PlyCount "56"]
[EventDate "2024.??.??"]

1. d4 Nf6 2. c4 g6 3. Nc3 d5 4. Nf3 Bg7 5. cxd5 Nxd5 6. e4 Nxc3 7. bxc3 c5 8. h3 O-O 9. Be2 cxd4 10. cxd4 Nc6 11. Be3 Qa5+ 12. Bd2 Qa3 13. d5 Ne5 14. O-O Bd7 15. Nxe5 Bxe5 16. Rb1 Qxa2 17. Rxb7 Ba4 18. Qe1 Rfb8 19. Rxb8+ Rxb8 20. Bg5 Rb2 21. Bd3 Qa3 22. Qe3 h6 23. Bxh6 Rb3 24. Qxa7 Rxd3 25. Bg5 Rxh3 26. gxh3 Qxh3 27. f4 Qg3+ 28. Kh1 Bc2 0-1

[Event "2BLW 2324 SC Siegburg - SV Koblenz"]
[Site "?"]
[Date "2024.03.16"]
[Round "9.4"]
[White "Omelja, Artem"]
[Black "Stewart, Neil"]
[Result "1-0"]
[WhiteElo "2438"]
[BlackElo "2245"]
[PlyCount "97"]
[EventDate "2024.??.??"]

1. Nf3 d5 2. e3 Nf6 3. c4 e6 4. b3 c5 5. Bb2 Nc6 6. cxd5 exd5 7. Be2 Bd6 8. O-O O-O 9. d4 cxd4 10. Nxd4 Re8 11. Nd2 Be6 12. Rc1 Nxd4 13. Bxd4 Ba3 14. Ra1 Bf5 15. Nb1 Be7 16. Nc3 Rc8 17. Bd3 Bg6 18. Bxg6 hxg6 19. Qd3 Qa5 20. a3 a6 21. b4 Qd8 22. Rad1 Nh7 23. Na4 b5 24. Nc5 Bxc5 25. Bxc5 Nf6 26. Bd4 Nd7 27. Qb3 Rc4 28. Qb2 f6 29. Rd2 Qc7 30. Qb1 Kf7 31. Rfd1 Rc8 32. g3 Kf8 33. h4 Qc6 34. Qd3 Kf7 35. Ba7 Rc3 36. Qxd5+ Qxd5 37. Rxd5 Ne5 38. Bd4 Nf3+ 39. Kg2 Nxd4 40. Rd7+ Ke6 41. R1xd4 Rxa3 42. Rxg7 Rc4 43. Rxc4 bxc4 44. Rc7 c3 45. g4 Kd6 46. Rc8 f5 47. h5 gxh5 48. gxh5 Rb3 49. h6 1-0

[Event "2BLW 2324 SC Siegburg - SV Koblenz"]
[Site "?"]
[Date "2024.03.16"]
[Round "9.5"]
[White "Repplinger, Marc"]
[Black "Zavgorodniy, Sergiy"]
[Result "1-0"]
[WhiteElo "2203"]
[BlackElo "2387"]
[PlyCount "77"]
[EventDate "2024.??.??"]

1. d4 Nf6 2. c4 e6 3. g3 Bb4+ 4. Bd2 a5 5. Bg2 d5 6. Nf3 O-O 7. O-O dxc4 8. Bg5 Nc6 9. e3 h6 10. Bxf6 Qxf6 11. a3 Bd6 12. Nfd2 e5 13. d5 Ne7 14. Nxc4 Bd7 15. Nc3 Qg6 16. Rc1 b5 17. Nxd6 cxd6 18. Qe2 Rab8 19. b4 axb4 20. axb4 f5 21. f4 Kh8 22. Qd2 Ng8 23. e4 Nf6 24. Rce1 Rbe8 25. exf5 Bxf5 26. Nxb5 Ng4 27. h3 Bd3 28. f5 Bxf5 29. hxg4 Bxg4 30. Nc3 Rxf1+ 31. Rxf1 Bf5 32. Qe3 Rb8 33. b5 Bd3 34. Rd1 Bc4 35. Be4 Qe8 36. b6 Qc8 37. Ra1 Qg4 38. Kg2 h5 39. b7 1-0

[Event "2BLW 2324 SC Siegburg - SV Koblenz"]
[Site "?"]
[Date "2024.03.16"]
[Round "9.6"]
[White "Dzierzenga, Stefan"]
[Black "Polster, Wolfgang"]
[Result "1/2-1/2"]
[WhiteElo "2126"]
[BlackElo "2165"]
[PlyCount "64"]
[EventDate "2024.??.??"]

1. e4 c6 2. Ne2 Qa5 3. Nbc3 e5 4. d4 d6 5. Be3 Nf6 6. f3 Nbd7 7. Qd2 b5 8. Nc1 b4 9. Nd1 d5 10. Nf2 Bd6 11. exd5 Nxd5 12. Ne4 Be7 13. Bf2 O-O 14. Be2 f5 15. Ng3 Qd8 16. O-O Bg5 17. Qd3 a5 18. c4 bxc3 19. bxc3 Ba6 20. Qc2 Ne3 21. Bxe3 Bxe3+ 22. Kh1 Qg5 23. Bxa6 Rxa6 24. Re1 c5 25. Qe2 Qxg3 26. Qxe3 Rh6 27. h3 cxd4 28. cxd4 exd4 29. Qb3+ Kh8 30. Ne2 Qf2 31. Qd5 d3 32. Qxd7 dxe2 1/2-1/2

[Event "2BLW 2324 SC Siegburg - SV Koblenz"]
[Site "?"]
[Date "2024.03.16"]
[Round "9.7"]
[White "Marquardt, Christian"]
[Black "Albrecht, Oliver"]
[Result "0-1"]
[WhiteElo "2033"]
[BlackElo "2133"]
[PlyCount "90"]
[EventDate "2024.??.??"]

1. d4 Nf6 2. Bg5 d5 3. e3 c5 4. c3 Qb6 5. Qb3 Nc6 6. Qxb6 axb6 7. Nf3 Bf5 8. Nbd2 e6 9. Be2 Be7 10. O-O O-O 11. a3 h6 12. Bf4 c4 13. Rfe1 b5 14. Ne5 Nxe5 15. Bxe5 Nd7 16. Bg3 Nb6 17. f3 Bg6 18. e4 Rfe8 19. Rab1 Na4 20. Bd1 Bg5 21. Nf1 f5 22. Bxa4 bxa4 23. f4 Bf6 24. exd5 exd5 25. Nd2 Bh5 26. Kf2 Kf7 27. Rxe8 Rxe8 28. Re1 Ra8 29. Nf3 Bxf3 30. Kxf3 Ra6 31. Re2 Rb6 32. Bf2 g5 33. Be3 Re6 34. g3 Re4 35. Bd2 Kg6 36. h3 g4+ 37. hxg4 fxg4+ 38. Kf2 Kf5 39. Re1 Rxe1 40. Bxe1 Ke4 41. Ke2 h5 42. Bf2 Be7 43. Be1 Bd6 44. Bf2 h4 45. gxh4 Bxf4 0-1

[Event "2BLW 2324 SC Siegburg - SV Koblenz"]
[Site "?"]
[Date "2024.03.16"]
[Round "9.8"]
[White "Kolkin, Michail"]
[Black "Petersen, Henrik"]
[Result "1/2-1/2"]
[WhiteElo "2331"]
[BlackElo "2139"]
[PlyCount "68"]
[EventDate "2024.??.??"]

1. Nf3 Nf6 2. g3 c5 3. Bg2 Nc6 4. d4 cxd4 5. Nxd4 e5 6. Nxc6 dxc6 7. Nd2 Bc5 8. O-O O-O 9. a4 a5 10. b3 Qd4 11. Rb1 Rd8 12. e3 Qc3 13. Ne4 Rxd1 14. Nxc3 Rxf1+ 15. Kxf1 Bf5 16. e4 Be6 17. Ke2 Nd7 18. Nd1 f6 19. Be3 Kf7 20. h4 Bxe3 21. Nxe3 Nc5 22. Kd2 Rd8+ 23. Kc3 Rd4 24. Nf5 Rb4 25. Rd1 g6 26. Nd6+ Ke7 27. f4 Rd4 28. Rxd4 exd4+ 29. Kxd4 Nxb3+ 30. cxb3 Kxd6 31. e5+ fxe5+ 32. fxe5+ Ke7 33. Kc3 Bd5 34. Bh3 b6 {(=)} 1/2-1/2

[Event "2BLW 2324 SG Porz - Bad Emstal/Wolfhagen"]
[Site "?"]
[Date "2024.03.16"]
[Round "9.1"]
[White "Kuzubov, Yuriy"]
[Black "Lutz, Christopher"]
[Result "1-0"]
[WhiteElo "2605"]
[BlackElo "2527"]
[PlyCount "110"]
[EventDate "2024.??.??"]

1. Nf3 Nf6 2. c4 e6 3. Nc3 c5 4. g3 b6 5. e4 Bb7 6. d3 d6 7. Bg2 Be7 8. O-O O-O 9. Ne1 Nc6 10. Nc2 a6 11. Be3 Rb8 12. b3 Re8 13. Rc1 Bf8 14. d4 cxd4 15. Nxd4 Ne5 16. h3 Ned7 17. Qd2 Nc5 18. f3 Rc8 19. Rfd1 h6 20. Nde2 Qc7 21. g4 Qb8 22. Bd4 Nfd7 23. Bf2 Ba8 24. Bg3 Ne5 25. Nd4 Ng6 26. Kh1 Red8 27. Qe1 Qc7 28. Qf2 Qb8 29. a4 Nd7 30. h4 Nge5 31. Rb1 Nc5 32. Qe2 Ng6 33. h5 Ne5 34. f4 Ned7 35. b4 Nb7 36. e5 Re8 37. Ne4 dxe5 38. fxe5 Nd8 39. Rf1 Qc7 40. Rfc1 Nc6 41. Nxc6 Bxc6 42. Nd6 Bxg2+ 43. Qxg2 Bxd6 44. exd6 Qd8 45. a5 bxa5 46. c5 axb4 47. c6 e5 48. Rxb4 Nf6 49. Rd1 Qa5 50. Rbb1 Red8 51. c7 Re8 52. Bxe5 Nd7 53. Qc6 Qa3 54. Qxd7 Qf3+ 55. Kg1 Qh3 1-0

[Event "2BLW 2324 SG Porz - Bad Emstal/Wolfhagen"]
[Site "?"]
[Date "2024.03.16"]
[Round "9.2"]
[White "Xu, Xianliang"]
[Black "Sivuk, Vitaly"]
[Result "1-0"]
[WhiteElo "2461"]
[BlackElo "2559"]
[PlyCount "57"]
[EventDate "2024.??.??"]

1. e4 e5 2. f4 exf4 3. Nf3 g5 4. Bc4 Bg7 5. h4 g4 6. Ng5 Nh6 7. d4 Nc6 8. Bxf4 d6 9. Be3 Na5 10. Bd3 c5 11. Nc3 O-O 12. dxc5 dxc5 13. Nd5 b6 14. Qe2 Bb7 15. O-O-O Nc6 16. Rhf1 Ne5 17. Bb5 Bxd5 18. exd5 a6 19. Bd3 Kh8 20. Kb1 Re8 21. Bxa6 Ng6 22. Rxf7 Rxa6 23. Rxg7 Kxg7 24. Ne6+ Rxe6 25. dxe6 Qa8 26. Bxh6+ Kxh6 27. Qe3+ Kg7 28. Rd7+ Kg8 29. Qh6 1-0

[Event "2BLW 2324 SG Porz - Bad Emstal/Wolfhagen"]
[Site "?"]
[Date "2024.03.16"]
[Round "9.3"]
[White "Bilych, Olexiy"]
[Black "Rotstein, Arkadij"]
[Result "1-0"]
[WhiteElo "2441"]
[BlackElo "2460"]
[PlyCount "71"]
[EventDate "2024.??.??"]

1. e4 g6 2. d4 Bg7 3. Nc3 d6 4. Nf3 a6 5. Be2 b5 6. a4 b4 7. Nd5 Bb7 8. Nxb4 Bxe4 9. a5 Nf6 10. O-O O-O 11. Be3 Nfd7 12. Nd2 Bb7 13. Bf3 Qc8 14. Nc4 Bxf3 15. Qxf3 c6 16. d5 c5 17. Nd3 Qc7 18. Rfe1 Nf6 19. Bg5 Ra7 20. Re2 h6 21. Bd2 Re8 22. Rae1 Kf8 23. Bf4 Qd8 24. h4 Kg8 25. Bxh6 Bxh6 26. Qxf6 Qd7 27. Qf3 Bg7 28. h5 gxh5 29. Qxh5 e5 30. dxe6 Rxe6 31. Rxe6 fxe6 32. Qg6 Qf7 33. Qxf7+ Kxf7 34. Nxd6+ Kg8 35. Rxe6 Nd7 36. Nc4 1-0

[Event "2BLW 2324 SG Porz - Bad Emstal/Wolfhagen"]
[Site "?"]
[Date "2024.03.16"]
[Round "9.4"]
[White "Suvorov, Alexander"]
[Black "Bogdanov, Egor"]
[Result "1-0"]
[WhiteElo "2343"]
[BlackElo "2409"]
[PlyCount "107"]
[EventDate "2024.??.??"]

1. Nf3 Nf6 2. c4 g6 3. g3 Bg7 4. Bg2 O-O 5. O-O d6 6. d4 Nc6 7. Nc3 Bf5 8. b3 Ne4 9. Bb2 Nxc3 10. Bxc3 Be4 11. Ne1 Bxg2 12. Nxg2 d5 13. e3 e5 14. dxe5 dxc4 15. bxc4 Bxe5 16. Qc2 Qf6 17. Bxe5 Nxe5 18. f4 Nc6 19. Rad1 Rad8 20. e4 Rxd1 21. Rxd1 Rd8 22. e5 Qe7 23. Ne3 Rxd1+ 24. Qxd1 Qc5 25. Qd3 Nd4 26. Kg2 c6 27. Ng4 Kg7 28. Nf6 b5 29. Ne8+ Kf8 30. Nd6 a5 31. Kh3 f6 32. Qe3 bxc4 33. Ne4 Qd5 34. Nxf6 Qe6+ 35. g4 c5 36. Nxh7+ Ke7 37. Nf6 Qc6 38. Ne4 Qd5 39. Kg3 Nc2 40. Qxc5+ Qxc5 41. Nxc5 Nb4 42. a3 Na2 43. h4 c3 44. h5 gxh5 45. gxh5 c2 46. Nd3 Nc3 47. h6 Ne4+ 48. Kf3 Nc5 49. Nc1 Kf8 50. f5 a4 51. e6 Nb3 52. h7 Kg7 53. e7 Nxc1 54. e8=Q 1-0

[Event "2BLW 2324 SG Porz - Bad Emstal/Wolfhagen"]
[Site "?"]
[Date "2024.03.16"]
[Round "9.5"]
[White "Prokofiev, Valentyn"]
[Black "Suvorov, Luca"]
[Result "0-1"]
[WhiteElo "2355"]
[BlackElo "2362"]
[PlyCount "116"]
[EventDate "2024.??.??"]

1. Nf3 Nf6 2. c4 c5 3. Nc3 Nc6 4. d4 cxd4 5. Nxd4 g6 6. e4 d6 7. Be2 Bg7 8. Be3 O-O 9. O-O Bd7 10. h3 Nxd4 11. Bxd4 Bc6 12. Qc2 a5 13. Rad1 a4 14. Nd5 Nd7 15. Bxg7 Kxg7 16. Rfe1 e5 17. Bf1 Nc5 18. Qd2 Bxd5 19. Qxd5 Ra6 20. f4 f6 21. Qd2 Qb6 22. Kh2 exf4 23. Rb1 Re8 24. b4 axb3 25. axb3 Re5 26. b4 Nxe4 27. Qxf4 Qc7 28. c5 Rf5 29. Qe3 dxc5+ 30. Kg1 Re6 31. Bc4 Ree5 32. bxc5 Nxc5 33. Qa3 Rxe1+ 34. Rxe1 Re5 35. Rc1 b6 36. Ra1 Ne6 37. Qa2 Ra5 38. Bxe6 Qe5 39. Rd1 Rxa2 40. Bxa2 h5 41. Kh1 f5 42. Bc4 b5 43. Bd3 b4 44. Rf1 b3 45. Bb1 b2 46. Kg1 Qe2 47. Rf3 Kf6 48. Rf1 Ke5 49. Rf3 Kf6 50. Rf1 Kg5 51. Rf3 Qe1+ 52. Rf1 Qe3+ 53. Kh2 Qc1 54. Kg1 f4 55. h4+ Kxh4 56. Bxg6 Kg3 57. Bb1 f3 58. gxf3 Qd2 0-1

[Event "2BLW 2324 SG Porz - Bad Emstal/Wolfhagen"]
[Site "?"]
[Date "2024.03.16"]
[Round "9.6"]
[White "Korotkjevich, Stanislav"]
[Black "Tobak, Mikhail"]
[Result "0-1"]
[WhiteElo "2361"]
[BlackElo "2325"]
[PlyCount "116"]
[EventDate "2024.??.??"]

1. d4 Nf6 2. Nf3 g6 3. c4 d6 4. Nc3 Bf5 5. g3 c6 6. Bg2 Bg7 7. O-O Ne4 8. Re1 Nxc3 9. bxc3 Be4 10. Bf1 c5 11. Nd2 Bc6 12. Nb3 Na6 13. e4 O-O 14. Rb1 b6 15. Bg5 h6 16. Bd2 e5 17. Qc1 Kh7 18. Qa3 Nc7 19. Rbd1 Qe8 20. Bg2 f5 21. f4 Bxe4 22. Bxe4 fxe4 23. fxe5 dxe5 24. dxc5 Qf7 25. Be3 Qxc4 26. Nd2 Qd3 27. Qb4 b5 28. Qxe4 Qxc3 29. Qc6 Qa5 30. Ne4 Rf7 31. Nd6 Re7 32. Rf1 Qxa2 33. Nxb5 Qe2 34. Nxc7 Qxe3+ 35. Kh1 Rc8 36. Rd7 Rxd7 37. Qxd7 Qe4+ 38. Kg1 Qd4+ 39. Qxd4 exd4 40. Rf7 Kg8 41. Rd7 Be5 42. Ne6 Rc6 43. Nxd4 Rxc5 44. Nf3 Bc7 45. Kf1 a5 46. Rd4 Kf7 47. Ke2 Ke6 48. Rg4 g5 49. Kd3 Bd6 50. Nd4+ Kf6 51. Nf3 Rf5 52. Nd4 Rd5 53. Kc4 Rc5+ 54. Kb3 h5 55. Re4 Re5 56. Rxe5 Bxe5 57. Nf3 Kf5 58. Kc4 Bxg3 0-1

[Event "2BLW 2324 SG Porz - Bad Emstal/Wolfhagen"]
[Site "?"]
[Date "2024.03.16"]
[Round "9.7"]
[White "Dovzik, Juri"]
[Black "Pauly, Carlo"]
[Result "0-1"]
[WhiteElo "2225"]
[BlackElo "2311"]
[PlyCount "60"]
[EventDate "2024.??.??"]

1. c4 Nf6 2. Nc3 g6 3. g3 Bg7 4. Bg2 O-O 5. d4 d6 6. Nf3 Nc6 7. O-O a6 8. Bf4 Rb8 9. Rc1 h6 10. h3 g5 11. Be3 e5 12. dxe5 dxe5 13. Bc5 Re8 14. Nd2 Be6 15. Kh2 Nd7 16. Ba3 f5 17. e3 e4 18. f4 gxf4 19. gxf4 Nf6 20. Qe2 Bf7 21. Rg1 Kh8 22. Nb3 Bh5 23. Qf2 b6 24. Bf1 Qd7 25. Be2 Bxe2 26. Nxe2 Rbd8 27. Ng3 Qe6 28. Nh5 Nxh5 29. Qh4 Qf7 30. Rg5 hxg5 0-1

[Event "2BLW 2324 SG Porz - Bad Emstal/Wolfhagen"]
[Site "?"]
[Date "2024.03.16"]
[Round "9.8"]
[White "Marcziter, Dmitrii"]
[Black "Cherny, Andrey"]
[Result "1-0"]
[WhiteElo "2188"]
[BlackElo "2192"]
[PlyCount "66"]
[EventDate "2024.??.??"]

1. d4 d5 2. c4 Nc6 3. Nf3 Bg4 4. cxd5 Bxf3 5. dxc6 Bxc6 6. Nc3 Nf6 7. f3 e6 8. e4 Be7 9. Be3 O-O 10. Bc4 a6 11. a4 b6 12. O-O Qd7 13. Qe2 Bb7 14. Rfd1 Rfe8 15. Rac1 Red8 16. Qf2 Bb4 17. Bb3 Qe8 18. Ne2 Nd7 19. Nf4 Bf8 20. Qg3 Kh8 21. Qh3 c6 22. Ne2 Qe7 23. Nc3 Qb4 24. Bc2 Qxb2 25. e5 h6 26. Ne4 c5 27. Ng5 Kg8 28. Qh5 Nxe5 29. dxe5 Rd7 30. Ne4 Bd5 31. Bf4 b5 32. Bxh6 Bxe4 33. Bxe4 g6 1-0

[Event "2BLW 2324 SG Solingen II - Düsseldorfer"]
[Site "?"]
[Date "2024.03.16"]
[Round "9.1"]
[White "Erigaisi Arjun"]
[Black "Krastev, Alexander"]
[Result "1-0"]
[WhiteElo "2748"]
[BlackElo "2457"]
[PlyCount "97"]
[EventDate "2024.??.??"]

1. d4 Nf6 2. c4 e6 3. Nf3 b6 4. a3 Bb7 5. Nc3 d5 6. cxd5 exd5 7. Bf4 Bd6 8. Bxd6 Qxd6 9. Qa4+ c6 10. e3 O-O 11. Bd3 Nbd7 12. O-O a5 13. Rac1 Rfe8 14. h3 Re6 15. Qb3 Ba6 16. Bxa6 Rxa6 17. Ne2 Ne4 18. Rc2 Re8 19. Nf4 a4 20. Qd3 Raa8 21. Rfc1 Rec8 22. Qd1 b5 23. Ne5 Nxe5 24. dxe5 Qxe5 25. Qxd5 cxd5 26. Rxc8+ Qe8 27. Rxe8+ Rxe8 28. Nxd5 Rd8 29. f3 Nf6 30. Nxf6+ gxf6 31. Rc5 Rd1+ 32. Kh2 Rd3 33. Rxb5 Rxe3 34. Kg3 Re2 35. f4 f5 36. Kh2 Kg7 37. Rxf5 Rxb2 38. Ra5 Rb3 39. Rxa4 h5 40. Ra5 Kg6 41. Rg5+ Kh6 42. Rg3 Rb1 43. h4 Rf1 44. Rf3 Ra1 45. g3 Kg6 46. Kg2 Kf5 47. Re3 Kg4 48. Kf2 f5 49. Ke2 1-0

[Event "2BLW 2324 SG Solingen II - Düsseldorfer"]
[Site "?"]
[Date "2024.03.16"]
[Round "9.3"]
[White "Bologan, Victor"]
[Black "Schlecht, Daniel"]
[Result "1-0"]
[WhiteElo "2594"]
[BlackElo "2366"]
[PlyCount "131"]
[EventDate "2024.??.??"]

1. e4 e5 2. Nf3 Nc6 3. Bc4 Bc5 4. c3 Nf6 5. d3 d6 6. O-O a5 7. Re1 Ba7 8. Nbd2 O-O 9. Nf1 Be6 10. Bb5 Ne7 11. d4 Ng6 12. Ng3 c6 13. Bf1 h6 14. h3 Re8 15. c4 Qc7 16. Be3 Rad8 17. Qc2 Bb6 18. Rad1 Bc8 19. Rd2 c5 20. d5 a4 21. Rb1 Bd7 22. Rdd1 Ba5 23. Qc1 Kh7 24. Bd3 Rb8 25. Kh2 b5 26. cxb5 Bxb5 27. Bxb5 Rxb5 28. Nf5 Ng8 29. Qc2 Reb8 30. Qxa4 N8e7 31. Nxe7 Nxe7 32. Qc2 Qd7 33. g4 Ng6 34. Kg3 Qe7 35. b3 Bd8 36. Rbc1 Qb7 37. h4 Ra8 38. h5 Nf8 39. Nd2 Bg5 40. Bxg5 hxg5 41. Nc4 Qe7 42. Rd3 Nd7 43. a4 Rb4 44. a5 Nb8 45. Qe2 Na6 46. Nb6 Rd8 47. Rf3 Nc7 48. Rc4 Na6 49. Qd2 Kh6 50. Kg2 Rb8 51. Rxb4 Nxb4 52. Nc4 Qd7 53. Ne3 f6 54. Rg3 Ra8 55. Nc4 Ra6 56. Qe2 Qf7 57. Rc3 g6 58. Rh3 Kg7 59. Ne3 Rxa5 60. hxg6 Qxg6 61. Nf5+ Kf8 62. Rh6 Qg8 63. Rxf6+ Ke8 64. Rxd6 Qh7 65. Rh6 Qg8 66. Rb6 1-0